000 00555nam a2200205Ia 4500
005 20250923144403.0
008 008 250917s9999 xx 000 0 eng d
037 _aTextual
040 _aDSWL
_beng
_cDSWL
041 _aeng
_2eng
084 _aSM95:7, H9
_qDSWL
100 _aHinkle, B.M.
_9824373
245 0 _aRecreating of the individual
_cby B.M. Hinkle
260 _aNew York
_b Dodd, Mead
_c1949
300 _a465 p.
365 _aUSD
_b5
925 _g5
942 _cTEXL
_hSM95:7, H9
999 _c1438212
_d1438212